00194 a2200073 450000100060000010000150000624500680002126000310008919804 aThorpe, CL aEduc and the devop. of Muslimnationalism in pre partition India abPak Historical Societyc